Statistics for Who’s On First?

Click here to take the quiz!

General Stats

  • This quiz has been taken 6 times
  • The average score is 5 of 9

Answer Stats

PositionPlayer% Correct
SecondWhat
100%
FirstWho
100%
ThirdI Don’t Know
67%
ShortstopI Don’t Give A Darn
50%
CatcherToday
50%
PitcherTomorrow
50%
Center FieldBecause
33%
Right FieldNobody
33%
Left FieldWhy
33%

Score Distribution

Percentile by Number Answered

Percent of People with Each Score

Your Score History

You have not taken this quiz